LEADER 01263nam 2200361 450 001 996280478803316 005 20180319090824.0 010 $a1-5090-6356-0 035 $a(CKB)3710000001403005 035 $a(WaSeSS)IndRDA00095463 035 $a(EXLCZ)993710000001403005 100 $a20180319d2017 || | 101 0 $aeng 135 $aur||||||||||| 181 $ctxt$2rdacontent 182 $cc$2rdamedia 183 $acr$2rdacarrier 200 10$aHST $e2017 IEEE International Symposium on Technologies for Homeland Security : the Westin-Hotel Waltham-Boston, Waltham, MA, April 25-26, 2017 210 1$aNew York :$cIEEE,$d2017. 215 $a1 online resource (210 pages) 311 $a1-5090-6357-9 606 $aLaw enforcement$xTechnological innovations$vCongresses 606 $aEmergency management$xTechnological innovations$vCongresses 606 $aComputer security$xTechnological innovations$vCongresses 615 0$aLaw enforcement$xTechnological innovations 615 0$aEmergency management$xTechnological innovations 615 0$aComputer security$xTechnological innovations 801 0$bWaSeSS 801 1$bWaSeSS 906 $aPROCEEDING 912 $a996280478803316 996 $aHST$92527271 997 $aUNISA LEADER 00976nam 2200349 450 001 9910138296003321 005 20221010230308.0 010 $a953-51-5210-6 035 $a(CKB)3230000000075595 035 $a(NjHacI)993230000000075595 035 $a(EXLCZ)993230000000075595 100 $a20221010d2012 uy 0 101 0 $aeng 135 $aur||||||||||| 181 $ctxt$2rdacontent 182 $cc$2rdamedia 183 $acr$2rdacarrier 200 00$aArtificial photosynthesis /$fedited by Mohammad Najafpour 210 1$a[Place of publication not identified] :$cInTech,$d[2012] 210 4$dİ2012 215 $a1 online resource (300 pages) 311 $a953-307-966-5 606 $aPhotosynthesis 615 0$aPhotosynthesis. 676 $a581.13342 702 $aNajafpour$b Mohammad 801 0$bNjHacI 801 1$bNjHacl 906 $aBOOK 912 $a9910138296003321 996 $aArtificial photosynthesis$91575794 997 $aUNINA